| 000 | 00000nam 2200000zi 4500 |
| 001 | 9.945296 |
| 003 | CaOODSP |
| 005 | 20250324130959 |
| 006 | m o d f |
| 007 | cr mn||||||||| |
| 008 | 241118s1972 onc o f000 0 fre d |
| 040 | |aCaOODSP|bfre|erda|cCaOODSP |
| 043 | |an-cn--- |
| 086 | 1 |aCo41-1/7DF-PDF|zCo41-1/7DF |
| 245 | 00|aRelations entre le Ministère des communications et l'industrie du matériel de télécommunications. |
| 264 | 1|aOttawa : |bMinistère des communications, |c1972. |
| 300 | |a1 ressource en ligne (87 pages). |
| 336 | |atexte|btxt|2rdacontent/fre |
| 337 | |ainformatique|bc|2rdamedia/fre |
| 338 | |aressource en ligne|bcr|2rdacarrier/fre |
| 490 | 1 |aTélécommission étude ; |v7(d) |
| 500 | |aPublié aussi en anglais sous le titre : The relationship between Department of Communications and the telecommunications manufacturing industry. |
| 500 | |aÉdition numérisée de l'imprimé [par Innovation, sciences et développement économique Canada]. |
| 610 | 16|aCanada. |bMinistère des communications. |
| 650 | 6|aTélécommunications|zCanada. |
| 650 | 6|aTélécommunications|xÉquipement|xIndustrie|zCanada. |
| 650 | 6|aTélécommunications|xPolitique gouvernementale|zCanada. |
| 710 | 1 |aMinistère des communications, |eorganisme de publication. |
| 775 | 08|tThe relationship between the Department of Communications and the telecommunications manufacturing industry.|w(CaOODSP)9.945294 |
| 830 | #0|aTélécommission étude ;|v7(d).|w(CaOODSP)9.927948 |
| 856 | 40|qPDF|s1.83 Mo|uhttps://publications.gc.ca/collections/collection_2024/isde-ised/co41-1/Co41-1-7D-fra.pdf |